00672nam a2200217 i 4500001000300000100001900003245009200022250002500114260002100139490002300160650001200183650003200195655001300227700002500240830002300265040000800288041000800296080001100304008004100315856009800356bg1 aBRYŁKA, Jerzy 0aŚruby i elementy złączne - różne /coprac. Jerzy Bryłka, Ryszard Kasprzyszak. aWyd. 2 popr. i uzup. aWarszawa,c1979.1 aKatalog SWW - 0653 9aŚruby 9aPołączenia konstrukcyjne aKatalogi1 aKASPRZYSZAK, Ryszard aKatalog SWW - 0653 cBPK apol a621.88 s pl f |000 0 pol  uhttp://koha.tu.koszalin.pl/cgi-bin/koha/opac-detail.pl?biblionumber=24097yKatalog online BPK